000 00400nam a2200157Ia 4500
008 230711s9999||||xx |||||||||||||| ||und||
020 _a978-81-261-3421-2
041 _aASM
082 _a633.88
_bUP-A
100 _aUpadhyaya, R.C.
245 0 _aAgrotechniques of Medicinal Plants
260 _c2008
_aNew Delhi
_bAnmol Publication(P) Ltd.
300 _a264p.
650 _aAgriculture
942 _cBK
999 _c7528
_d7528